000 00583nam a22001697a 4500
005 20251108165539.0
008 250721s1991 xx 000 0 ara d
082 1 4 _aط/608.7/سعد
100 1 _aسعد الدين، عصام
245 1 0 _aموسوعة العلم و التكنولوجيا الميسرة مكوك الفضاء و القمر الصناعي /
264 1 _aالقاهره :
_bدار الكتاب المصري،
_c1991.
300 _a20ج.
650 1 7 _aالإختراعات
653 _aناشئون صغار (10-14) سنة
942 _2ddc
_cBK
999 _c30488
_d30488